Loading...

Women, race & class /

Bibliographic Details
Main Author: Angela Y Davis
Format: Printed Book
Published: London : Women's Press, 2001.
Subjects:
LEADER 00757pam a2200217 a 4500
020 |a 0704346907 
082 1 4 |a 305.42  |b ANG/W 
100 1 |a Angela Y Davis 
245 1 0 |a Women, race & class /  |c Angela Y. Davis. 
260 |a London :  |b Women's Press,  |c 2001. 
300 |a 271 p. ; 
500 |a "A Women's Press classic." 
500 |a Originally published: New York : Random House, 1981. 
650 0 |a Racism  |z United States. 
650 0 |a Women and Socialism  |z United States. 
650 0 |a Feminism  |z United States. 
650 0 |a African American Women 
650 0 |a Social Sciences 
942 |c BK 
999 |c 59302  |d 59302 
952 |0 0  |1 0  |4 0  |6 305_420000000000000_ANG_W  |7 0  |9 82705  |a SSUS  |b SSUS  |c STACKS  |d 2016-03-05  |g 295.00  |o 305.42 ANG/W  |p 081244  |r 2016-03-05  |w 2016-03-05  |y BK